Price convergence to the EU what do the 1999 ICP data tell us?

Na minha lista:
Detalhes bibliográficos
Autor principal: Čihák, Martin
Outros Autores: Holub, Tomáš
Formato: Livro
Idioma:inglês
Publicado em: Praha Czech National Bank 2003
Colecção:Working paper series 2/2003
Assuntos:
Tags: Adicionar Tag
Sem tags, seja o primeiro a adicionar uma tag!

MARC

LEADER 00000nam$a2200000$$$4500
001 0024446
005 20240223110345.1
041 0 |a eng 
044 |a CZ 
245 1 0 |a Price convergence to the EU  |b what do the 1999 ICP data tell us?  |c Martin Čihák, Tomáš Holub 
264 1 |a Praha  |b Czech National Bank  |c 2003 
300 |a 37 s. 
490 1 |a Working paper series  |v 2/2003 
830 0 |a Working paper series  |v 2/2003 
610 2 0 |a banky 
610 2 0 |a bankovníctvo 
610 2 0 |a ceny 
610 2 0 |a konvergencia 
610 2 0 |a integrácia ekonomická medzinárodná 
610 2 0 |a inflácia 
610 2 0 |a analýzy 
610 2 0 |a modely ekonomicko-matematické 
610 2 0 |a Česko 
610 2 0 |a SVE 
610 2 0 |a Európska únia 
610 2 0 |a ČNB Praha 
100 1 |a Čihák, Martin 
700 1 |a Holub, Tomáš